| 000 | 00341nam a2200145Ia 4500 | ||
|---|---|---|---|
| 008 | 230917s9999||||xx |||||||||||||| ||und|| | ||
| 040 |
_e108524 _aMAIN |
||
| 041 | _aEnglish | ||
| 082 | _a330.9 I2I | ||
| 100 | _aICFAI | ||
| 245 | 0 | _aIssues in economics development | |
| 260 |
_aHyderabad _bICFAI _c2004 |
||
| 300 | _a177p p. | ||
| 942 | _cBK | ||
| 999 |
_c119729 _d119729 |
||